Statystyki dla Puzzle z kształtem podzielonego kraju #1

Kliknij tutaj aby rozwiązać quiz!

Ogólne statystyki

  • Ten quiz został rozwiązany 222 razy
  • Średni wynik to 8 z 15

Statystyki odpowiedzi

Country Name% Poprawnych
Australia
85%
Hiszpania
85%
Egipt
78%
Maroko
78%
Brazylia
69%
Senegal
63%
Angola
49%
Arabia Saudyjska
48%
Iran
48%
Etiopia
43%
Austria
41%
ZEA
40%
Nepal
34%
Zambia
26%
Gwatemala
24%

Rozkład punktacji

Percentyl według liczby udzielonych odpowiedzi

Procent ludzi z każdym wynikiem

Twoja historia wyników

Nie rozwiązałeś tego quizu